Top goal scorers by national team (soccer) - Statistics

General Stats
  • This quiz has been taken 2,374 times
    2,116 since last reset
  • The average score is 14 of 59
Answer Stats
Hint Answer % Correct
Portugal Cristiano Ronaldo
79%
Ivory Coast Didier Drogba
74%
Brazil Pele
74%
Cameroon Samuel Eto'o
62%
France Thierry Henry
59%
Uruguay Luis Suarez
57%
Sweden Zlatan Ibrahimovic
54%
Germany Miroslav Klose
53%
Spain David Villa
51%
Liberia George Weah
51%
Hungary Ferenc Puskas
47%
Ukraine Andriy Shevchenko
46%
USA Landon Donovan
46%
Bosnia and Herzegovina Edin Dzeko
45%
Ireland Robbie Keane
45%
Croatia Davor Suker
41%
England Bobby Charlton
38%
Holland Robin van Persie
38%
Argentina Gabriel Batistuta
35%
Togo Emmanuel Adebayor
33%
Romania Georghe Hagi
33%
Wales Ian Rush
31%
Bulgaria Dimitar Berbatov, Hristo Bonev
28%
Finland Jari Litmanen
27%
Scotland Kenny Dalglish, Denis Law
24%
Turkey Hakan Sükür
20%
Iran Ali Daei
19%
Czech Republic Jan Koller
18%
Paraguay Rogue Santa-Cruz, Jose Cardozo
15%
Iceland Eidur Gudjohnsen
12%
Chile Marcelo Salas
11%
Switzerland Alexander Frei
10%
Italy Luigi Riva
9%
Denmark Poul Nielsen, Jon Tomasson
9%
South-Africa Benni McCarthy
8%
Northern Ireland David Healy
8%
Egypt Hossam Hassan
7%
Peru Teofilo Cubillas
7%
Austria Toni Polster
6%
Slovenia Zlatko Zahovic
6%
Russia/USSR Oleg Blokhin
5%
Ghana Abedi Pele
4%
Australia Dabian Mori
4%
Mexico Jared Borgetti
4%
Serbia Savo Milosevic
4%
Poland Wlodzimierz Lubanski
4%
Belgium Bernard Voorhoof, Paul Van Himst
3%
Senegal Henri Camara
3%
Nigeria Rashidi Yekini
3%
Slovakia Robert Vittek
3%
Ecuador Agustin Delgado
2%
Honduras Carlos Pavon
2%
South-Korea Cha Bum-Kun
2%
Japan Kunishige Kamamoto
2%
Greece Nikos Anastopoulos
2%
Algeria Abdelhafid Tasfaout
1%
Colombia Arnoldo Iguaran
1%
Zambia Godfrey Chitalu
1%
Norway Jorgen Juve
1%
No matching quizzes found
Score Distribution
Percent of People with Each Score
Percentile by Number Answered
Your Score History
You have not taken this quiz since the last reset